[Event "Regionalliga NW 0102"]
[Site "Bayern"]
[Date "2002.01.20"]
[Round "4.8"]
[White "Leyh, Martin"]
[Black "Goebel, Tobias"]
[Result "0-1"]
[WhiteElo "1840"]
[BlackElo "1605"]
[PlyCount "48"]
[EventDate "2001.10.07"]
[EventType "team-tourn"]
[EventRounds "9"]
[EventCountry "GER"]
[SourceTitle "EXT 2003"]
[Source "ChessBase"]
[SourceDate "2002.11.25"]
[SourceVersion "1"]
[SourceVersionDate "2002.11.25"]
[SourceQuality "1"]
[WhiteTeam "Sand"]
[BlackTeam "Klingenberg"]
[WhiteTeamCountry "GER"]
[BlackTeamCountry "GER"]

1. Nf3 Nf6 2. g3 d5 3. Bg2 Bf5 4. 0-0 Nbd7 5. d3 e5 6. Nbd2 Bd6 7. Nh4 Be6 8. e4 c6 9. h3 Nb6 10. Re1 0-0 11. Qe2 Nfd7 12. Nhf3 f5 13. c3 fxe4 14. dxe4 Qf6 15. Nh2 Rf7 16. Rf1 Raf8 17. Ng4 Qe7 18. Nb3 Nc5 19. Nxc5 Bxc5 20. Be3 d4 21. Nxe5 dxe3 22. Nxf7 exf2+ 23. Kh2 Qxf7 24. Rad1 Bc4 0-1

[Event "Regionalliga NW 9900"]
[Site "Bayern"]
[Date "2000.??.??"]
[Round "6.6"]
[White "Gutzeit, Kurt"]
[Black "Leyh, Martin"]
[Result "1-0"]
[WhiteElo "1965"]
[BlackElo "1865"]
[PlyCount "57"]
[EventDate "1999.??.??"]
[EventType "team-tourn"]
[EventRounds "9"]
[EventCountry "GER"]
[SourceTitle "EXT 2020"]
[Source "ChessBase"]
[SourceDate "2019.10.17"]
[SourceVersion "1"]
[SourceVersionDate "2019.10.17"]
[SourceQuality "1"]
[WhiteTeam "Burgsinn"]
[BlackTeam "Sand"]
[WhiteTeamCountry "GER"]
[BlackTeamCountry "GER"]

1. d4 g6 2. c4 Bg7 3. Nc3 d6 4. e4 Nd7 5. Be3 e5 6. f4 Ngf6 7. Nf3 exd4 8. Bxd4 0-0 9. Bd3 Nc5 10. Bxc5 dxc5 11. e5 Ng4 12. h3 Ne3 13. Qe2 Nf5 14. Bxf5 Bxf5 15. Rd1 Qc8 16. Nd5 Re8 17. 0-0 c6 18. Ne3 f6 19. exf6 Bxf6 20. Qf2 Be4 21. Ng4 Bg7 22. Qxc5 b6 23. Qg5 Bxf3 24. Rxf3 Qf5 25. Qxf5 gxf5 26. Ne3 Bxb2 27. Nxf5 c5 28. Rd7 Rad8 29. Nh6+ 1-0

[Event "Regionalliga NW 9899"]
[Site "Bayern"]
[Date "1999.??.??"]
[Round "5.7"]
[White "Leyh, Martin"]
[Black "Kaudelka, Norbert"]
[Result "1-0"]
[WhiteElo "1840"]
[BlackElo "1845"]
[PlyCount "82"]
[EventDate "1998.??.??"]
[EventType "team-tourn"]
[EventRounds "9"]
[EventCountry "GER"]
[SourceTitle "EXT 2020"]
[Source "ChessBase"]
[SourceDate "2019.10.17"]
[SourceVersion "1"]
[SourceVersionDate "2019.10.17"]
[SourceQuality "1"]
[WhiteTeam "Sand"]
[BlackTeam "Mainaschaff"]
[WhiteTeamCountry "GER"]
[BlackTeamCountry "GER"]

1. Nf3 c5 2. g3 Nc6 3. Bg2 Nf6 4. 0-0 g6 5. b3 Bg7 6. Bb2 0-0 7. c4 d6 8. e3 e5 9. Nc3 Re8 10. d3 Bd7 11. Nd2 a6 12. Nde4 Qb8 13. Nxf6+ Bxf6 14. Nd5 Bd8 15. d4 b6 16. Qd2 Ra7 17. Rad1 b5 18. dxe5 dxe5 19. f4 Bg4 20. Rde1 bxc4 21. bxc4 Kf8 22. fxe5 Nxe5 23. Rf4 Bf5 24. e4 Nxc4 25. Qc3 Qxb2 26. Qxc4 Qd4+ 27. Qxd4 cxd4 28. Rd1 Bg5 29. exf5 Bxf4 30. gxf4 gxf5 31. Rxd4 Re2 32. Ra4 Rb7 33. Bf1 Rd2 34. Nc3 Rc2 35. Nd5 Rbb2 36. Rxa6 Rc1 37. Ra8+ Kg7 38. a4 Rbb1 39. Ne7 Rxf1+ 40. Kg2 Kf6 41. Nd5+ Ke6 1-0

[Event "Regionalliga NW 9899"]
[Site "Bayern"]
[Date "1998.??.??"]
[Round "3.7"]
[White "Leyh, Martin"]
[Black "Kress, Manfred"]
[Result "1/2-1/2"]
[WhiteElo "1845"]
[BlackElo "2005"]
[PlyCount "61"]
[EventDate "1998.??.??"]
[EventType "team-tourn"]
[EventRounds "9"]
[EventCountry "GER"]
[SourceTitle "EXT 2020"]
[Source "ChessBase"]
[SourceDate "2019.10.17"]
[SourceVersion "1"]
[SourceVersionDate "2019.10.17"]
[SourceQuality "1"]
[WhiteTeam "Sand"]
[BlackTeam "Dettingen"]
[WhiteTeamCountry "GER"]
[BlackTeamCountry "GER"]

1. Nf3 d5 2. g3 c5 3. Bg2 Nc6 4. d4 e6 5. 0-0 Nf6 6. c4 dxc4 7. Qa4 Qa5 8. Qxc4 b5 9. Qc2 Nb4 10. Qd1 Bb7 11. dxc5 Bxc5 12. Nc3 Qb6 13. e3 0-0 14. Qe2 Nbd5 15. Bd2 Rfd8 16. Rfd1 a6 17. a4 Bc6 18. axb5 axb5 19. Rxa8 Rxa8 20. Ne5 Nxc3 21. Bxc3 Bxg2 22. Kxg2 b4 23. Bd4 Bxd4 24. Rxd4 Nd5 25. Qd2 f6 26. Nc4 Qc7 27. e4 e5 28. Rxd5 Qxc4 29. Rd8+ Rxd8 30. Qxd8+ Kf7 31. Qd7+ 1/2-1/2

[Event "Regionalliga NW 9798"]
[Site "Bayern"]
[Date "1998.??.??"]
[Round "?.7"]
[White "Leyh, Martin"]
[Black "Wiener, Horst"]
[Result "1/2-1/2"]
[WhiteElo "1820"]
[BlackElo "2015"]
[PlyCount "107"]
[EventDate "1997.10.??"]
[EventType "team-tourn"]
[EventRounds "9"]
[EventCountry "GER"]
[SourceTitle "EXT 2020"]
[Source "ChessBase"]
[SourceDate "2019.10.17"]
[SourceVersion "1"]
[SourceVersionDate "2019.10.17"]
[SourceQuality "1"]
[WhiteTeam "Sand"]
[BlackTeam "Schweinfurt Fr"]
[WhiteTeamCountry "GER"]
[BlackTeamCountry "GER"]

1. Nf3 Nf6 2. g3 g6 3. Bg2 Bg7 4. 0-0 0-0 5. c4 c6 6. Nc3 d5 7. cxd5 cxd5 8. d4 Nc6 9. Ne5 e6 10. Bf4 Nh5 11. Nxc6 bxc6 12. Be3 f5 13. f4 Rb8 14. Na4 Nf6 15. b3 Ne4 16. Rc1 Bd7 17. Nc5 Nxc5 18. Rxc5 Rf7 19. Qd3 Bf8 20. Rc2 Qb6 21. Kh1 a5 22. Rfc1 Ba3 23. Rg1 Bc8 24. Bc1 Bb4 25. Bb2 Ra7 26. Rgc1 Bd7 27. Qe3 Bd6 28. Qd2 a4 29. bxa4 Rxa4 30. Bc3 Qa6 31. Bf1 Qa7 32. e3 Ra8 33. Ra1 Kf7 34. Rb2 Rb8 35. Bd3 Rxb2 36. Qxb2 Ke7 37. Bc2 Ra6 38. Bd3 Rb6 39. Qd2 Qa3 40. Qc1 Qa4 41. Qc2 Qxc2 42. Bxc2 Ba3 43. Bb3 Kd6 44. Kg2 Bc8 45. Rb1 Ba6 46. Bc2 Rxb1 47. Bxb1 Bc4 48. Kf2 c5 49. Ke1 Kc6 50. Kd2 cxd4 51. Bxd4 Bb4+ 52. Bc3 Ba3 53. Bd4 Bb4+ 54. Bc3 1/2-1/2

[Event "Regionalliga NW 9697"]
[Site "Bayern"]
[Date "1997.??.??"]
[Round "?"]
[White "Leyh, Martin"]
[Black "Becker, Alexander1111"]
[Result "1-0"]
[WhiteElo "1785"]
[BlackElo "1925"]
[PlyCount "93"]
[EventDate "1996.10.??"]
[EventType "team-tourn"]
[EventRounds "9"]
[EventCountry "GER"]
[SourceTitle "EXT 1999"]
[Source "ChessBase"]
[SourceDate "1998.11.16"]
[SourceVersion "1"]
[SourceVersionDate "1998.11.16"]
[SourceQuality "1"]
[WhiteTeam "Sand"]
[BlackTeam "Kronach"]
[WhiteTeamCountry "GER"]
[BlackTeamCountry "GER"]

1. Nf3 c5 2. g3 g6 3. Bg2 Bg7 4. 0-0 d5 5. d4 cxd4 6. Nxd4 e6 7. Nb3 Ne7 8. e4 d4 9. c3 Nbc6 10. cxd4 Nxd4 11. Nc3 0-0 12. Nxd4 Bxd4 13. Bh6 Bg7 14. Bxg7 Kxg7 15. Qxd8 Rxd8 16. Rfd1 Bd7 17. Rd2 Bc6 18. Rad1 Rxd2 19. Rxd2 a6 20. f4 h6 21. Kf2 g5 22. e5 Bxg2 23. Kxg2 Nd5 24. Nxd5 Rd8 25. Kf3 exd5 26. f5 h5 27. h3 f6 28. e6 Kf8 29. g4 h4 30. Ke3 Ke7 31. Rc2 Kd6 32. Kd4 b6 33. b4 Re8 34. a4 Ra8 35. Rc3 Ra7 36. Rc8 b5 37. a5 Rb7 38. Rd8+ Ke7 39. Rxd5 Rc7 40. Rd7+ Rxd7+ 41. exd7 Kxd7 42. Kd5 Ke7 43. Kc6 Ke8 44. Kd6 Kf7 45. Kd7 Kf8 46. Ke6 Kg7 47. Ke7 1-0

[Event "Regionalliga NW 9798"]
[Site "Bayern"]
[Date "1997.??.??"]
[Round "?.7"]
[White "Leyh, Martin"]
[Black "Englert, Christof"]
[Result "0-1"]
[WhiteElo "1820"]
[BlackElo "1920"]
[PlyCount "106"]
[EventDate "1997.10.??"]
[EventType "team-tourn"]
[EventRounds "9"]
[EventCountry "GER"]
[SourceTitle "EXT 2020"]
[Source "ChessBase"]
[SourceDate "2019.10.17"]
[SourceVersion "1"]
[SourceVersionDate "2019.10.17"]
[SourceQuality "1"]
[WhiteTeam "Sand"]
[BlackTeam "Sailauf"]
[WhiteTeamCountry "GER"]
[BlackTeamCountry "GER"]

1. Nf3 Nf6 2. g3 g6 3. Bg2 Bg7 4. 0-0 0-0 5. c4 c5 6. Nc3 Nc6 7. d4 cxd4 8. Nxd4 Nxd4 9. Qxd4 d6 10. Qd3 Rb8 11. e4 b6 12. h3 Bb7 13. Be3 Qc8 14. Rac1 Bc6 15. Rfd1 Qb7 16. b3 Rbc8 17. Bd4 Rfd8 18. Nd5 Nxd5 19. cxd5 Bd7 20. Bxg7 Kxg7 21. Kh2 Kg8 22. Rxc8 Rxc8 23. f4 Rc5 24. Rd2 Qc7 25. Qd4 Bb5 26. e5 Rc2 27. exd6 exd6 28. Qf2 Rxd2 29. Qxd2 Qe7 30. a4 Qe2 31. Qxe2 Bxe2 32. b4 a5 33. bxa5 bxa5 34. Be4 Bd1 35. Kg2 Bxa4 36. Kf2 Kf8 37. Ke3 Ke7 38. Kd2 Bd7 39. h4 Kf6 40. Kc3 h6 41. Bc2 g5 42. fxg5+ hxg5 43. h5 Kg7 44. Bd1 f5 45. Kd4 Kh6 46. Ke3 a4 47. Kd2 g4 48. Ke3 Kxh5 49. Kf4 Kg6 50. Bc2 Kf6 51. Bd3 a3 52. Bb1 Ba4 53. Ba2 Bc2 0-1

[Event "Regionalliga NW 9495"]
[Site "Bayern"]
[Date "1995.??.??"]
[Round "?.7"]
[White "Reer, Erdmann"]
[Black "Leyh, Martin"]
[Result "1-0"]
[WhiteElo "2000"]
[BlackElo "1825"]
[PlyCount "57"]
[EventDate "1994.10.??"]
[EventType "team-tourn"]
[EventRounds "9"]
[EventCountry "GER"]
[SourceTitle "EXT 1999"]
[Source "ChessBase"]
[SourceDate "1998.11.16"]
[SourceVersion "1"]
[SourceVersionDate "1998.11.16"]
[SourceQuality "1"]
[WhiteTeam "Coburg"]
[BlackTeam "Sand"]
[WhiteTeamCountry "GER"]
[BlackTeamCountry "GER"]

1. e4 g6 2. d4 Bg7 3. c3 d6 4. Nf3 Nf6 5. Bd3 0-0 6. 0-0 Nc6 7. Re1 e5 8. d5 Ne7 9. Nbd2 Nh5 10. Nf1 Qe8 11. Ng3 Nxg3 12. fxg3 Kh8 13. Rf1 f5 14. c4 Bd7 15. Bd2 h6 16. Qe2 Rf7 17. Rf2 Qg8 18. Raf1 Raf8 19. b4 f4 20. gxf4 exf4 21. e5 Bf5 22. e6 Rf6 23. Bc3 Bxd3 24. Qxd3 Rf5 25. Nh4 Rg5 26. Rxf4 Re8 27. Rf7 Be5 28. Nf3 Rf5 29. Nxe5 1-0